000 00954nam a2200325Ia 4500
001 Z_7005
003 CHAP
008 220113s9999 xx 000 0 und d
010 _a170277
020 _a978-84-282-1589-3
040 _cCHAP
090 _aC 636.5 D36
100 _aDamerow, Gail
_930988
245 _aPollos y gallinas de la A a la Z: todas las respuestas a sus preguntas /
_cGail Damerow; traducción Manuel Pijoan
260 _aBarcelona, España :
_bOmega,
_c
300 _a367 p.
500 _aTraducción de la obra en inglés: Chicken encyclopedia
503 _aej.1: consumo \ ej.2: consumo \ ej.3: consumo
650 _aAves de corral
_98636
650 _aGallinas
_944441
650 _aPollos
_9145137
650 _aPollos
_x
_x Enciclopedias y diccionarios
_9146546
700 _aPijoan, Manuel
_9146547
901 _aC 636.5 D36
902 _aM
910 _a
942 _c1
942 _cc1
999 _c170277
_d170277